Catálogo público

Estudio Técnico, Financiero y Social de Pulque Enlatado Magueyín / (Record no. 172466)

MARC details
000 -CABECERA
campo de control de longitud fija 00791nam a2200265Ia 4500
001 - NÚMERO DE CONTROL
campo de control dia_1930
003 - IDENTIFICADOR DEL NÚMERO DE CONTROL
campo de control CHAP
005 - FECHA Y HORA DE LA ÚLTIMA TRANSACCIÓN
campo de control 20251021140150.0
008 - DATOS DE LONGITUD FIJA--INFORMACIÓN GENERAL
campo de control de longitud fija 220117sS.A. xx 000 0 und d
010 ## - NÚMERO DE CONTROL DE LA BIBLIOTECA DEL CONGRESO
Número de control de LC 172466
040 ## - FUENTE DE LA CATALOGACIÓN
Centro/agencia transcriptor CHAP
082 ## - NÚMERO DE LA CLASIFICACIÓN DECIMAL DEWEY
Número de clasificación 633.577 A5
100 ## - ENTRADA PRINCIPAL--NOMBRE DE PERSONA
Nombre de persona Añorve Reyna, Jesús
9 (RLIN) 6194
245 ## - MENCIÓN DE TÍTULO
Título Estudio Técnico, Financiero y Social de Pulque Enlatado Magueyín /
Mención de responsabilidad, etc. por Jesús Añorve Reyna
260 ## - PUBLICACIÓN, DISTRIBUCIÓN, ETC.
Lugar de publicación, distribución, etc. México :
Nombre del editor, distribuidor, etc. Promotora del Maguey y del Nopal,
Fecha de publicación, distribución, etc. S.A.
300 ## - DESCRIPCIÓN FÍSICA
Extensión 125 h.
500 ## - NOTA GENERAL
Nota general D fotocopia
650 ## - PUNTO DE ACCESO ADICIONAL DE MATERIA--TÉRMINO DE MATERIA
Término de materia o nombre geográfico como elemento de entrada Pulque enlatado/
9 (RLIN) 151855
650 ## - PUNTO DE ACCESO ADICIONAL DE MATERIA--TÉRMINO DE MATERIA
Término de materia o nombre geográfico como elemento de entrada Pulque/
9 (RLIN) 93009
650 ## - PUNTO DE ACCESO ADICIONAL DE MATERIA--TÉRMINO DE MATERIA
Término de materia o nombre geográfico como elemento de entrada Pulque
Subdivisión general conservación.
9 (RLIN) 93011
901 ## - ELEMENTOS DE DATOS A LOCAL LDA (RLIN)
a 633.577 A5
902 ## - ELEMENTOS DE DATOS B LOCAL, LDB (RLIN)
a M
905 ## - ELEMENTOS DE DATOS E LOCAL, LDE (RLIN)
a 000000S.A. MEXX 0000000000ESP00
942 ## - ELEMENTOS DE PUNTO DE ACCESO ADICIONAL (KOHA)
Tipo de ítem Koha Libro
Fuente del sistema de clasificación o colocación Dewey Decimal Classification
Holdings
Estado de retiro Estado de pérdida Fuente del sistema de clasificación o colocación Estado dañado No para préstamo Código de colección Localización permanente Ubicación/localización actual Ubicación en estantería Fecha de adquisición Información codificada de la localización en otra ubicación Total de préstamos Código de barras Fecha visto por última vez Número de copia Precio válido a partir de Tipo de ítem Koha
    Dewey Decimal Classification     General Ingenieria Agroindustrial Ingenieria Agroindustrial   18/01/2022 1   dia_004630 18/01/2022 2 18/01/2022 Libro
    Dewey Decimal Classification     General Ingenieria Agroindustrial Ingenieria Agroindustrial   18/01/2022 1   dia_004629 18/01/2022 1 18/01/2022 Libro